Creating cartoon characters

Bibliographic Details
Other Authors: Board, Editorial
Format: Book
Published: Selangor : Penerbit mega setia emas , 2005
Series:Step by step drawing 1
Subjects:

MARC

LEADER 00000cam a2200000 7i4500
001 0000004362
005 20151222.0
008 070725
020 |a 983143806X 
020 |a 9831438159(set) 
090 0 0 |a JF   |b ART ENG (5323) 
245 0 0 |a Creating cartoon characters 
260 |a Selangor :   |b Penerbit mega setia emas ,   |c 2005 
440 0 |a Step by step drawing 1 
500 |a Children ages 7-9 years old (orange) 
650 0 |a Art   |x Juvinale literature 
650 0 |a Junior fiction   |x English   |x Languages 
700 1 |a Board, Editorial 
999 |a 0000973286   |b Book   |c Children Collection   |e Cawangan Pontian 
999 |a 0000973290   |b Book   |c Children Collection   |e Cawangan Tmn. Ungku Tun Aminah 
999 |a 0000973297   |b Book   |c Children Collection   |e Perbadanan Perpustakaan Awam Johor 
999 |a 0000973298   |b Book   |c Children Collection   |e Perbadanan Perpustakaan Awam Johor 
999 |a 0000973299   |b Book   |c Children Collection   |e Perbadanan Perpustakaan Awam Johor 
999 |a 0000973300   |b Book   |c Children Collection   |e Cawangan Bandar Tenggara 
999 |a 0001050352   |b Book   |c Children Collection   |e Cawangan Pontian 
999 |a 0001055017   |b Book   |c Children Collection   |e Cawangan Tangkak